000 00436nam a2200145 a 4500
001 000035150
005 20200930074134.0
008 111025s1959 fr 000 0 fre d
040 _aDO-SdBNP
_bspa
_cBNPHU
041 1 7 _afre
100 1 _aMeynaud, Jean
_933679
245 1 0 _aIntroduction a la science politique /
_cJean Meynaud.
260 _aParis :
_bLibrairie Armand Colin,
_c1959.
500 _aLIBRO MUTILADO. SOLO TIENE 62 PAG. DE 320
999 _c34641
_d34641